VISUAL AND PERFORMING ARTS IN SPECIAL EDUCATION (Record no. 17603)

MARC details
000 -LEADER
fixed length control field 00281nam a22001217a 4500
003 - CONTROL NUMBER IDENTIFIER
control field SGT
082 ## - DEWEY DECIMAL CLASSIFICATION NUMBER
Classification number 370
Item number JAN
100 ## - MAIN ENTRY--PERSONAL NAME
Personal name JANGRA, RAJPAWAN
245 ## - TITLE STATEMENT
Title VISUAL AND PERFORMING ARTS IN SPECIAL EDUCATION
260 ## - PUBLICATION, DISTRIBUTION, ETC. (IMPRINT)
Place of publication, distribution, etc DELHI
Name of publisher, distributor, etc RI PUB.
Year of Publication 2018
300 ## - PAGE DESCRIPTION
No. of Pages 224
942 ## - ADDED ENTRY ELEMENTS (KOHA)
Source of classification or shelving scheme Dewey Decimal Classification
Koha item type Books
942 ## - ADDED ENTRY ELEMENTS (KOHA)
-- 2
Holdings
Withdrawn status Lost status Source of classification or shelving scheme Damaged status Not for loan Collection code Home library Current library Date acquired SGTU Full call number Accession No. (Barcode) Date last seen Bill Date Koha item type Total Checkouts Date last borrowed
    Dewey Decimal Classification     EDUCATION SGT Engineering Library SGT Engineering Library 16/04/2019 SGTU 370 JAN ED3731 16/04/2019 16/04/2019 Books    
    Dewey Decimal Classification     EDUCATION SGT Engineering Library SGT Engineering Library 16/04/2019 SGTU 370 JAN ED3732 10/03/2025 16/04/2019 Books 1 14/08/2024
    Dewey Decimal Classification     EDUCATION SGT Engineering Library SGT Engineering Library 16/04/2019 SGTU 370 JAN ED3733 16/04/2019 16/04/2019 Books    
    Dewey Decimal Classification     EDUCATION SGT Engineering Library SGT Engineering Library 16/04/2019 SGTU 370 JAN ED3734 28/08/2024 16/04/2019 Books 1 14/08/2024
    Dewey Decimal Classification     EDUCATION SGT Engineering Library SGT Engineering Library 16/04/2019 SGTU 370 JAN ED3735 16/04/2019 16/04/2019 Books